[Event "2024 US National High School (K-12) Championship"]
[Site "Baltimore, Maryland, United States"]
[Date "2024.04.06"]
[Round "3.14"]
[White "Johnson, Donald"]
[Black "Karthikeyan, Arnav"]
[Result "1/2-1/2"]
[TimeControl "G/90; d10"]
[WhiteTitle "FM"]
[WhiteFideId "30949122"]
[BlackFideId "30981000"]
[WhiteElo "2287"]
[BlackElo "1771"]

1. e4 {[%clk 01:29:56]} {[%emt 00:00:13]} e5 {[%clk 01:30:00]} {[%emt
00:00:08]} 2. Nf3 {[%clk 01:29:56]} {[%emt 00:00:03]} Nc6 {[%clk 01:30:00]}
{[%emt 00:00:05]} 3. Bb5 {[%clk 01:29:56]} {[%emt 00:00:03]} Nf6 {[%emt
00:00:07]} 4. d3 {[%clk 01:29:13]} {[%emt 00:00:52]} Bc5 {[%clk 01:30:00]}
{[%emt 00:00:06]} 5. Bxc6 {[%clk 01:29:13]} {[%emt 00:00:02]} dxc6 {[%clk
01:30:00]} {[%emt 00:00:10]} 6. O-O {[%clk 01:29:13]} {[%emt 00:00:07]} Bg4
{[%clk 01:27:37]} {[%emt 00:02:33]} 7. h3 {[%clk 01:28:44]} {[%emt 00:00:38]}
Bxf3 {[%clk 01:25:08]} {[%emt 00:02:39]} 8. Qxf3 {[%clk 01:28:44]} {[%emt
00:00:04]} Nd7 {[%clk 01:23:01]} {[%emt 00:02:19]} 9. Nd2 {[%clk 01:11:34]}
{[%emt 00:17:21]} Qf6 {[%clk 01:20:02]} {[%emt 00:03:08]} 10. Qxf6 {[%clk
01:10:06]} {[%emt 00:01:37]} Nxf6 {[%clk 01:19:13]} {[%emt 00:01:00]} 11. Nc4
{[%clk 01:04:45]} {[%emt 00:05:32]} Nd7 {[%clk 01:16:36]} {[%emt 00:02:47]} 12.
Rd1 {[%clk 00:58:12]} {[%emt 00:06:42]} a5 {[%clk 01:07:24]} {[%emt 00:09:23]}
13. a4 {[%clk 00:55:30]} {[%emt 00:02:52]} f6 {[%clk 01:03:45]} {[%emt
00:03:48]} 14. c3 {[%clk 00:52:33]} {[%emt 00:03:07]} Nb6 {[%clk 00:55:30]}
{[%emt 00:08:25]} 15. d4 {[%clk 00:50:04]} {[%emt 00:02:39]} exd4 {[%clk
00:53:22]} {[%emt 00:02:18]} 16. cxd4 {[%clk 00:43:33]} {[%emt 00:06:40]} O-O-O
{[%clk 00:49:51]} {[%emt 00:03:42]} 17. Nxb6+ {[%clk 00:42:58]} {[%emt
00:00:45]} Bxb6 {[%clk 00:49:51]} {[%emt 00:00:01]} 18. Be3 {[%clk 00:42:58]}
{[%emt 00:00:10]} Rhe8 {[%clk 00:47:37]} {[%emt 00:02:24]} 19. f3 {[%clk
00:42:58]} {[%emt 00:00:05]} f5 {[%clk 00:46:48]} {[%emt 00:00:58]} 20. e5
{[%clk 00:42:13]} {[%emt 00:00:55]} f4 {[%clk 00:45:06]} {[%emt 00:01:52]} 21.
Bxf4 {[%clk 00:41:34]} {[%emt 00:00:49]} Rxd4 {[%clk 00:44:39]} {[%emt
00:00:37]} 22. Rxd4 {[%clk 00:41:30]} {[%emt 00:00:15]} Bxd4+ {[%clk 00:44:39]}
{[%emt 00:00:01]} 23. Kf1 {[%clk 00:40:47]} {[%emt 00:00:52]} Bxb2 {[%clk
00:44:21]} {[%emt 00:00:29]} 24. Rb1 {[%clk 00:39:17]} {[%emt 00:01:40]} Bc3
{[%clk 00:44:04]} {[%emt 00:00:26]} 25. Rb3 {[%clk 00:36:34]} {[%emt 00:02:53]}
Bb4 {[%clk 00:43:36]} {[%emt 00:00:38]} 26. Bh2 {[%clk 00:35:02]} {[%emt
00:01:42]} b5 {[%clk 00:43:21]} {[%emt 00:00:26]} 27. f4 {[%clk 00:33:13]}
{[%emt 00:01:59]} bxa4 {[%clk 00:43:21]} {[%emt 00:00:09]} 28. Rb2 {[%clk
00:32:38]} {[%emt 00:00:44]} a3 {[%clk 00:43:21]} {[%emt 00:00:10]} 29. Ra2
{[%clk 00:31:25]} {[%emt 00:01:23]} Rd8 {[%clk 00:43:21]} {[%emt 00:00:09]} 30.
f5 {[%clk 00:28:09]} {[%emt 00:03:27]} Rd2 {[%clk 00:40:43]} {[%emt 00:02:48]}
31. f6 {[%clk 00:22:46]} {[%emt 00:05:32]} gxf6 {[%clk 00:40:33]} {[%emt
00:00:19]} 32. Rxd2 {[%clk 00:21:47]} {[%emt 00:01:10]} Bxd2 {[%clk 00:40:33]}
{[%emt 00:00:01]} 33. exf6 {[%clk 00:21:47]} {[%emt 00:00:05]} Bc3 {[%clk
00:39:50]} {[%emt 00:00:53]} 34. f7 {[%clk 00:21:47]} {[%emt 00:00:05]} Bg7
{[%clk 00:39:50]} {[%emt 00:00:03]} 35. Be5 {[%clk 00:20:21]} {[%emt 00:01:36]}
Bf8 {[%clk 00:39:29]} {[%emt 00:00:31]} 36. Bc3 {[%clk 00:15:46]} {[%emt
00:04:45]} a4 {[%clk 00:39:03]} {[%emt 00:00:37]} 37. Ke2 {[%clk 00:04:43]}
{[%emt 00:11:12]} Kd7 {[%clk 00:39:01]} {[%emt 00:00:12]} 38. Kd3 {[%clk
00:03:02]} {[%emt 00:01:51]} Ke6 {[%clk 00:39:00]} {[%emt 00:00:11]} 39. Kc2
{[%clk 00:02:15]} {[%emt 00:00:57]} Kxf7 {[%clk 00:39:00]} {[%emt 00:00:08]} 40.
Kb1 {[%clk 00:02:15]} {[%emt 00:00:07]} Bg7 {[%clk 00:38:49]} {[%emt 00:00:21]}
41. Bd2 {[%clk 00:00:41]} {[%emt 00:01:44]} Be5 {[%clk 00:38:48]} {[%emt
00:00:10]} 42. g4 {[%clk 00:00:17]} {[%emt 00:00:34]} Kg6 {[%clk 00:38:47]}
{[%emt 00:00:12]} 43. Ka2 {[%clk 00:00:17]} {[%emt 00:00:10]} Bd6 {[%clk
00:38:43]} {[%emt 00:00:14]} 44. Be3 {[%clk 00:00:12]} {[%emt 00:00:15]} h5
{[%clk 00:38:13]} {[%emt 00:00:40]} 45. Bc1 {[%clk 00:00:12]} {[%emt 00:00:11]}
hxg4 {[%clk 00:35:22]} {[%emt 00:03:00]} 46. hxg4 {[%clk 00:00:12]} Bb4 {[%clk
00:36:26]} {[%emt 00:01:54]} 47. Bxa3 {[%clk 00:00:12]} {[%emt 00:02:03]} c5
{[%clk 00:36:08]} {[%emt 00:00:28]} 48. Bc1 {[%clk 00:00:12]} {[%emt 00:00:09]}
c6 {[%clk 00:36:03]} {[%emt 00:00:15]} 49. Kb2 {[%clk 00:00:12]} {[%emt
00:00:07]} c4 {[%clk 00:35:47]} {[%emt 00:00:27]} 50. Ka2 {[%clk 00:00:06]}
{[%emt 00:00:14]} c5 {[%clk 00:35:35]} {[%emt 00:00:23]} 51. Kb2 {[%clk
00:00:06]} {[%emt 00:00:04]} c3+ {[%clk 00:35:23]} {[%emt 00:00:22]} 52. Ka2
{[%clk 00:00:06]} {[%emt 00:00:03]} c4 {[%clk 00:35:22]} {[%emt 00:00:12]} 53.
Be3 {[%clk 00:00:06]} {[%emt 00:00:22]} a3 {[%clk 00:34:10]} {[%emt 00:01:24]}
54. Kb1 {[%clk 00:00:06]} {[%emt 00:00:02]} Be7 {[%clk 00:33:32]} {[%emt
00:00:48]} 55. Bc1 {[%clk 00:00:06]} {[%emt 00:00:05]} Bc5 {[%clk 00:33:07]}
{[%emt 00:00:34]} 56. Bf4 {[%clk 00:00:06]} {[%emt 00:00:06]} Bd4 {[%clk
00:32:57]} {[%emt 00:00:21]} 57. Ka2 {[%emt 00:00:04]} Bf6 {[%clk 00:31:22]}
{[%emt 00:01:41]} 58. Kxa3 {[%clk 00:00:06]} {[%emt 00:00:09]} Bg5 {[%clk
00:31:20]} {[%emt 00:00:12]} 59. Bxg5 {[%clk 00:00:06]} {[%emt 00:00:11]} Kxg5
{[%clk 00:31:15]} {[%emt 00:00:15]} 60. Ka2 {[%clk 00:00:06]} {[%emt 00:00:02]}
Kxg4 {[%clk 00:30:19]} {[%emt 00:01:03]} 1/2-1/2

[Event "2024 US National High School (K-12) Championship"]
[Site "Baltimore, Maryland, United States"]
[Date "2024.04.06"]
[Round "3.15"]
[White "Wong-Godfrey, Emerson P"]
[Black "Padhye, Rohan"]
[Result "0-1"]
[TimeControl "G/90; d10"]
[WhiteFideId "30996309"]
[BlackFideId "30946034"]
[WhiteElo "1858"]
[BlackElo "2321"]

1. e4 {[%clk 01:30:00]} {[%emt 00:00:06]} e5 {[%clk 01:30:00]} {[%emt
00:00:07]} 2. Nf3 {[%clk 01:30:00]} {[%emt 00:00:05]} Nc6 {[%clk 01:30:00]}
{[%emt 00:00:07]} 3. Bc4 {[%clk 01:30:00]} {[%emt 00:00:08]} Nf6 {[%clk
01:30:00]} {[%emt 00:00:07]} 4. d3 {[%clk 01:29:55]} {[%emt 00:00:16]} h6
{[%clk 01:29:32]} {[%emt 00:00:39]} 5. O-O {[%clk 01:29:32]} {[%emt 00:00:32]}
d6 {[%clk 01:29:32]} {[%emt 00:00:07]} 6. c3 {[%clk 01:29:19]} {[%emt
00:00:22]} g5 {[%clk 01:29:24]} {[%emt 00:00:17]} 7. h3 {[%clk 01:27:56]}
{[%emt 00:01:34]} g4 {[%clk 01:27:28]} {[%emt 00:02:06]} 8. hxg4 {[%clk
01:27:45]} {[%emt 00:00:20]} Bxg4 {[%clk 01:27:25]} {[%emt 00:00:13]} 9. Re1
{[%clk 01:24:07]} {[%emt 00:03:48]} Qd7 {[%clk 01:26:09]} {[%emt 00:01:25]} 10.
Nbd2 {[%clk 01:19:42]} {[%emt 00:04:34]} Rg8 {[%clk 01:20:54]} {[%emt
00:05:26]} 11. Nf1 {[%clk 01:14:08]} {[%emt 00:05:43]} O-O-O {[%clk 01:13:47]}
{[%emt 00:07:18]} 12. N1h2 {[%clk 01:09:03]} {[%emt 00:05:16]} Bh5 {[%clk
01:12:32]} {[%emt 00:01:24]} 13. Kh1 {[%clk 01:04:29]} {[%emt 00:04:44]} Ng4
{[%clk 01:09:05]} {[%emt 00:03:37]} 14. Qc2 {[%clk 00:55:27]} {[%emt 00:09:12]}
Be7 {[%clk 01:01:56]} {[%emt 00:07:18]} 15. Rg1 {[%clk 00:51:11]} {[%emt
00:04:27]} Bg5 {[%clk 00:50:43]} {[%emt 00:11:22]} 16. Bxg5 {[%clk 00:36:12]}
{[%emt 00:15:10]} hxg5 {[%clk 00:47:55]} {[%emt 00:02:58]} 17. Nxg4 {[%clk
00:36:07]} {[%emt 00:00:16]} Qxg4 {[%clk 00:44:54]} {[%emt 00:03:11]} 18. Nh2
{[%clk 00:35:42]} {[%emt 00:00:35]} Rh8 {[%clk 00:44:09]} {[%emt 00:00:54]} 19.
Qd2 {[%clk 00:16:15]} {[%emt 00:19:37]} Qh4 {[%clk 00:40:02]} {[%emt 00:04:16]}
20. Qe3 {[%clk 00:14:28]} {[%emt 00:01:58]} Bf3 {[%clk 00:39:46]} 0-1

[Event "2024 US National High School (K-12) Championship"]
[Site "Baltimore, Maryland, United States"]
[Date "2024.04.06"]
[Round "3.16"]
[White "Ku, Hunter"]
[Black "Reiss, Aiden"]
[Result "0-1"]
[TimeControl "G/90; d10"]
[WhiteFideId "39921980"]
[BlackFideId "30955114"]
[WhiteElo "1734"]
[BlackElo "2287"]

1. e4 {[%clk 01:30:00]} {[%emt 00:00:02]} c5 {[%clk 01:26:09]} {[%emt
00:04:02]} 2. Nf3 {[%clk 01:29:54]} {[%emt 00:00:16]} d6 {[%clk 01:25:18]}
{[%emt 00:01:02]} 3. d4 {[%clk 01:29:54]} {[%emt 00:00:07]} cxd4 {[%clk
01:25:18]} {[%emt 00:00:04]} 4. Nxd4 {[%clk 01:29:54]} {[%emt 00:00:08]} Nf6
{[%clk 01:25:18]} {[%emt 00:00:02]} 5. Nc3 {[%clk 01:29:54]} {[%emt 00:00:10]}
Nc6 {[%clk 01:25:18]} {[%emt 00:00:05]} 6. Bc4 {[%clk 01:28:43]} {[%emt
00:01:22]} Qb6 {[%clk 01:24:39]} {[%emt 00:00:48]} 7. Nb3 {[%clk 01:26:27]}
{[%emt 00:02:26]} Qc7 {[%clk 01:23:22]} {[%emt 00:01:27]} 8. Qe2 {[%clk
01:16:54]} {[%emt 00:09:43]} e6 {[%clk 01:22:18]} {[%emt 00:01:14]} 9. Be3
{[%clk 01:13:55]} {[%emt 00:03:09]} Be7 {[%clk 01:21:57]} {[%emt 00:00:32]} 10.
O-O-O {[%clk 01:13:24]} {[%emt 00:00:40]} O-O {[%clk 01:18:01]} {[%emt
00:04:06]} 11. f4 {[%clk 01:04:59]} {[%emt 00:08:35]} a6 {[%clk 01:16:42]}
{[%emt 00:01:29]} 12. g4 {[%clk 01:02:14]} {[%emt 00:02:55]} b5 {[%clk
01:11:48]} {[%emt 00:05:04]} 13. Bd3 {[%clk 01:01:23]} {[%emt 00:01:01]} Nb4
{[%clk 01:10:56]} {[%emt 00:01:03]} 14. a3 {[%clk 00:56:13]} {[%emt 00:05:20]}
Nxd3+ {[%clk 01:10:41]} {[%emt 00:00:24]} 15. Rxd3 {[%clk 00:55:21]} {[%emt
00:01:00]} Bb7 {[%clk 01:09:58]} {[%emt 00:00:56]} 16. Bd2 {[%clk 00:52:37]}
{[%emt 00:02:53]} Rac8 {[%clk 01:09:11]} {[%emt 00:00:57]} 17. Na1 {[%clk
00:43:50]} {[%emt 00:08:58]} d5 {[%clk 01:08:03]} {[%emt 00:01:18]} 18. e5
{[%clk 00:42:35]} {[%emt 00:01:25]} Nd7 {[%clk 01:05:11]} {[%emt 00:03:00]} 19.
Rf1 {[%clk 00:39:02]} {[%emt 00:03:43]} a5 {[%clk 01:01:42]} {[%emt 00:03:39]}
20. Rh3 {[%clk 00:23:36]} {[%emt 00:15:36]} b4 {[%clk 00:57:39]} {[%emt
00:04:13]} 21. axb4 {[%clk 00:21:58]} {[%emt 00:01:48]} axb4 {[%clk 00:57:39]}
{[%emt 00:00:04]} 22. Na2 {[%clk 00:20:37]} {[%emt 00:01:31]} Ra8 {[%clk
00:56:03]} {[%emt 00:01:45]} 23. Kb1 {[%clk 00:16:45]} {[%emt 00:04:02]} Ba6
{[%clk 00:55:55]} {[%emt 00:00:18]} 24. Qg2 {[%clk 00:15:15]} {[%emt 00:01:38]}
Bxf1 {[%clk 00:55:55]} {[%emt 00:00:05]} 25. Qxf1 {[%clk 00:15:15]} {[%emt
00:00:04]} Qa7 {[%clk 00:55:55]} {[%emt 00:00:03]} 0-1

[Event "2024 US National High School (K-12) Championship"]
[Site "Baltimore, Maryland, United States"]
[Date "2024.04.06"]
[Round "3.17"]
[White "Cruz, Jean Marco"]
[Black "Deligiannis, Dimitrios M"]
[Result "1/2-1/2"]
[TimeControl "G/90; d10"]
[WhiteTitle "FM"]
[WhiteFideId "3526402"]
[BlackFideId "30955769"]
[WhiteElo "2272"]
[BlackElo "1746"]

1. Nf3 {[%clk 01:29:46]} {[%emt 00:00:23]} Nf6 {[%clk 01:30:00]} {[%emt
00:00:09]} 2. c4 {[%clk 01:29:46]} {[%emt 00:00:05]} e6 {[%clk 01:30:00]}
{[%emt 00:00:08]} 3. g3 {[%clk 01:29:46]} {[%emt 00:00:05]} b6 {[%clk
01:29:34]} {[%emt 00:00:36]} 4. Bg2 {[%clk 01:29:46]} {[%emt 00:00:06]} Bb7
{[%clk 01:29:34]} {[%emt 00:00:07]} 5. O-O {[%clk 01:29:46]} {[%emt 00:00:06]}
Be7 {[%clk 01:29:34]} {[%emt 00:00:08]} 6. Nc3 {[%clk 01:26:29]} {[%emt
00:03:27]} O-O {[%emt 00:01:08]} 7. d4 {[%clk 01:25:46]} Ne4 {[%clk 01:27:20]}
{[%emt 00:02:19]} 8. Bd2 {[%clk 01:22:54]} {[%emt 00:03:03]} d6 {[%clk
01:26:15]} {[%emt 00:01:14]} 9. Re1 {[%clk 01:21:08]} {[%emt 00:01:57]} Nd7
{[%clk 01:25:31]} {[%emt 00:00:54]} 10. Qc2 {[%clk 01:21:00]} {[%emt 00:00:18]}
f5 {[%clk 01:24:52]} {[%emt 00:00:48]} 11. d5 {[%clk 01:10:15]} {[%emt
00:10:56]} Nxd2 {[%clk 01:21:34]} {[%emt 00:03:28]} 12. Nxd2 {[%clk 01:09:45]}
{[%emt 00:00:40]} e5 {[%clk 01:20:18]} {[%emt 00:01:25]} 13. b4 {[%clk
01:08:08]} {[%emt 00:01:49]} Qe8 {[%clk 01:11:17]} {[%emt 00:09:10]} 14. Nb3
{[%emt 00:03:49]} f4 {[%clk 00:59:50]} {[%emt 00:11:25]} 15. Ne4 {[%clk
00:59:14]} {[%emt 00:05:37]} Qg6 {[%clk 00:54:26]} {[%emt 00:05:34]} 16. Rac1
{[%clk 00:40:40]} {[%emt 00:18:43]} Nf6 {[%clk 00:45:53]} {[%emt 00:08:42]} 17.
Nxf6+ {[%clk 00:33:29]} {[%emt 00:07:22]} Qxf6 {[%clk 00:45:00]} {[%emt
00:01:03]} 18. Rf1 {[%clk 00:33:29]} {[%emt 00:00:07]} fxg3 {[%clk 00:37:25]}
{[%emt 00:07:44]} 19. fxg3 {[%clk 00:22:10]} {[%emt 00:11:29]} Qh6 {[%clk
00:34:55]} {[%emt 00:02:40]} 20. Qe4 {[%clk 00:18:44]} {[%emt 00:03:37]} Bg5
{[%clk 00:31:12]} {[%emt 00:03:52]} 21. Rcd1 {[%clk 00:18:43]} {[%emt
00:00:12]} Be3+ {[%clk 00:28:00]} {[%emt 00:03:22]} 22. Kh1 {[%clk 00:18:43]}
{[%emt 00:00:04]} Bf2 {[%clk 00:27:43]} {[%emt 00:00:27]} 23. Rd3 {[%clk
00:18:02]} {[%emt 00:00:52]} Rf6 {[%clk 00:14:55]} {[%emt 00:12:58]} 24. Rf3
{[%clk 00:14:28]} {[%emt 00:03:44]} Rxf3 {[%clk 00:14:55]} {[%emt 00:00:06]} 25.
Qxf3 {[%clk 00:14:28]} {[%emt 00:00:03]} Rf8 {[%clk 00:14:55]} {[%emt
00:00:09]} 26. Qd3 {[%clk 00:14:28]} {[%emt 00:00:03]} Bc8 {[%clk 00:14:34]}
{[%emt 00:00:31]} 27. Nd2 {[%clk 00:14:28]} {[%emt 00:00:07]} Bf5 {[%clk
00:10:57]} {[%emt 00:03:47]} 28. Ne4 {[%clk 00:13:42]} {[%emt 00:00:57]} Bxe4
{[%clk 00:08:55]} {[%emt 00:02:12]} 29. Bxe4 {[%clk 00:13:32]} {[%emt
00:00:20]} Rf6 {[%clk 00:07:32]} {[%emt 00:01:33]} 30. Kg2 {[%clk 00:11:59]}
{[%emt 00:01:44]} Bd4 {[%clk 00:05:27]} {[%emt 00:02:15]} 31. Rxf6 {[%clk
00:11:59]} {[%emt 00:00:07]} gxf6 {[%clk 00:05:05]} {[%emt 00:00:32]} 32. Qf3
{[%clk 00:11:52]} {[%emt 00:00:17]} Qg5 {[%clk 00:01:48]} {[%emt 00:03:26]} 33.
h4 {[%clk 00:11:02]} {[%emt 00:01:01]} Qg7 {[%clk 00:01:14]} {[%emt 00:00:44]}
34. Qf5 {[%clk 00:11:00]} {[%emt 00:00:12]} a5 {[%clk 00:00:55]} {[%emt
00:00:29]} 35. bxa5 {[%clk 00:10:54]} {[%emt 00:00:17]} bxa5 {[%clk 00:00:55]}
{[%emt 00:00:02]} 36. Qc8+ {[%clk 00:10:54]} {[%emt 00:00:08]} Qf8 {[%clk
00:00:41]} {[%emt 00:00:24]} 37. Bxh7+ {[%clk 00:10:54]} {[%emt 00:00:07]} Kg7
{[%clk 00:00:41]} {[%emt 00:00:09]} 38. Qf5 {[%clk 00:09:09]} {[%emt 00:01:54]}
Qf7 {[%clk 00:00:39]} {[%emt 00:00:12]} 39. h5 {[%clk 00:09:09]} {[%emt
00:00:06]} Bb6 {[%clk 00:00:19]} {[%emt 00:00:30]} 40. Bg6 {[%clk 00:09:01]}
{[%emt 00:00:17]} Qg8 {[%clk 00:00:18]} {[%emt 00:00:11]} 41. Kf3 {[%clk
00:07:29]} {[%emt 00:01:42]} Qh8 {[%clk 00:00:10]} {[%emt 00:00:17]} 42. g4
{[%clk 00:06:37]} {[%emt 00:01:02]} Qg8 {[%clk 00:00:10]} {[%emt 00:00:07]} 43.
g5 {[%clk 00:05:58]} {[%emt 00:00:49]} fxg5 {[%clk 00:00:10]} {[%emt 00:00:06]}
44. Qxg5 {[%clk 00:05:58]} {[%emt 00:00:09]} Qf8+ {[%clk 00:00:10]} {[%emt
00:00:05]} 45. Bf5+ {[%clk 00:05:58]} {[%emt 00:00:04]} Kh8 {[%clk 00:00:10]}
{[%emt 00:00:11]} 46. h6 {[%clk 00:04:59]} {[%emt 00:01:09]} a4 {[%clk
00:00:07]} {[%emt 00:00:13]} 47. Qg6 {[%clk 00:04:18]} {[%emt 00:00:52]} Qe7
{[%clk 00:00:07]} {[%emt 00:00:09]} 48. Be6 {[%clk 00:04:06]} {[%emt 00:00:21]}
e4+ {[%clk 00:00:06]} {[%emt 00:00:11]} 49. Kg2 {[%clk 00:01:26]} {[%emt
00:02:49]} Qf8 {[%clk 00:00:06]} {[%emt 00:00:09]} 50. Bf7 {[%clk 00:01:26]}
{[%emt 00:00:03]} Bd4 {[%clk 00:00:06]} {[%emt 00:00:06]} 51. Qxe4 {[%clk
00:01:26]} {[%emt 00:00:08]} Be5 {[%clk 00:00:06]} {[%emt 00:00:03]} 52. Qg6
{[%emt 00:00:13]} Qd8 {[%clk 00:00:05]} 53. Be6 {[%clk 00:00:52]} {[%emt
00:00:45]} Qf8 {[%clk 00:00:05]} {[%emt 00:00:04]} 54. Bf5 {[%clk 00:00:52]}
Qe7 {[%clk 00:00:05]} {[%emt 00:00:03]} 55. Kf3 {[%clk 00:00:41]} {[%emt
00:00:20]} a3 {[%clk 00:00:05]} {[%emt 00:00:06]} 56. h7 {[%clk 00:00:28]}
{[%emt 00:00:24]} Bg7 {[%clk 00:00:05]} {[%emt 00:00:05]} 57. Qe6 {[%clk
00:00:28]} {[%emt 00:00:06]} Qf8 {[%clk 00:00:05]} {[%emt 00:00:07]} 58. Kg4
{[%clk 00:00:28]} {[%emt 00:00:04]} Be5 {[%clk 00:00:05]} {[%emt 00:00:04]} 59.
Qd7 {[%clk 00:00:15]} {[%emt 00:00:24]} Qg7+ {[%clk 00:00:05]} {[%emt
00:00:08]} 60. Qxg7+ {[%clk 00:00:15]} {[%emt 00:00:02]} Kxg7 {[%clk 00:00:05]}
{[%emt 00:00:01]} 61. Kf3 {[%clk 00:00:15]} {[%emt 00:00:01]} Bb2 {[%clk
00:00:05]} {[%emt 00:00:02]} 62. Ke4 {[%clk 00:00:15]} {[%emt 00:00:03]} Kh6
{[%clk 00:00:05]} {[%emt 00:00:03]} 63. Kd3 {[%clk 00:00:15]} {[%emt 00:00:01]}
Kg5 {[%clk 00:00:05]} 64. e4 {[%clk 00:00:15]} {[%emt 00:00:02]} Kf4 {[%clk
00:00:05]} {[%emt 00:00:01]} 65. Kc2 {[%clk 00:00:15]} {[%emt 00:00:08]} Kg5
{[%clk 00:00:05]} {[%emt 00:00:03]} 66. Kb3 {[%clk 00:00:15]} Kh6 {[%clk
00:00:05]} {[%emt 00:00:02]} 67. Kb4 {[%clk 00:00:15]} {[%emt 00:00:01]} Kg7
{[%clk 00:00:05]} {[%emt 00:00:05]} 68. Kb5 {[%clk 00:00:15]} {[%emt 00:00:03]}
Kf8 {[%clk 00:00:05]} {[%emt 00:00:04]} 69. Kc6 {[%clk 00:00:15]} Be5 {[%clk
00:00:05]} {[%emt 00:00:02]} 70. Kxc7 {[%clk 00:00:15]} Ke7 {[%clk 00:00:05]}
{[%emt 00:00:01]} 71. Kc6 {[%clk 00:00:15]} Bd4 {[%clk 00:00:05]} {[%emt
00:00:02]} 72. Kb5 {[%clk 00:00:15]} {[%emt 00:00:05]} Kd8 {[%clk 00:00:05]}
{[%emt 00:00:04]} 73. h8=Q+ {[%clk 00:00:14]} {[%emt 00:00:11]} Bxh8 {[%clk
00:00:05]} 74. c5 {[%clk 00:00:14]} Be5 {[%clk 00:00:05]} {[%emt 00:00:03]} 75.
cxd6 {[%clk 00:00:08]} {[%emt 00:00:15]} Bxd6 {[%clk 00:00:05]} {[%emt
00:00:01]} 76. Kc6 {[%clk 00:00:08]} Ke7 {[%clk 00:00:05]} {[%emt 00:00:01]} 77.
Kb5 {[%clk 00:00:08]} {[%emt 00:00:05]} Be5 {[%clk 00:00:05]} 1/2-1/2

[Event "2024 US National High School (K-12) Championship"]
[Site "Baltimore, Maryland, United States"]
[Date "2024.04.06"]
[Round "3.18"]
[White "Singh, Hersh"]
[Black "Chen, Jonah"]
[Result "1-0"]
[TimeControl "G/90; d10"]
[WhiteTitle "FM"]
[WhiteFideId "30918804"]
[WhiteElo "2265"]
[BlackElo "1743"]

1. d4 {[%clk 01:30:00]} d5 {[%clk 01:30:00]} {[%emt 00:00:08]} 2. c4 {[%clk
01:30:00]} {[%emt 00:00:04]} e6 {[%clk 01:30:00]} {[%emt 00:00:10]} 3. Nf3
{[%clk 01:30:00]} {[%emt 00:00:05]} Nf6 {[%clk 01:30:00]} {[%emt 00:00:10]} 4.
Nc3 {[%clk 01:30:00]} {[%emt 00:00:04]} c5 {[%clk 01:30:00]} {[%emt 00:00:11]}
5. cxd5 {[%clk 01:30:00]} {[%emt 00:00:09]} Nxd5 {[%clk 01:29:05]} {[%emt
00:01:05]} 6. e4 {[%clk 01:30:00]} {[%emt 00:00:08]} Nxc3 {[%clk 01:21:06]}
{[%emt 00:08:08]} 7. bxc3 {[%clk 01:30:00]} {[%emt 00:00:06]} Be7 {[%clk
01:21:06]} {[%emt 00:00:10]} 8. Bc4 {[%clk 01:27:59]} {[%emt 00:02:11]} O-O
{[%clk 01:14:48]} {[%emt 00:06:29]} 9. O-O {[%clk 01:27:52]} {[%emt 00:00:16]}
Nd7 {[%clk 01:12:49]} {[%emt 00:02:09]} 10. Re1 {[%clk 01:25:56]} {[%emt
00:02:05]} Nf6 {[%clk 01:03:36]} {[%emt 00:09:23]} 11. h3 {[%clk 01:19:01]}
{[%emt 00:07:05]} b6 {[%clk 01:00:34]} {[%emt 00:03:13]} 12. Bf4 {[%clk
01:10:08]} {[%emt 00:09:02]} Bb7 {[%clk 00:58:55]} {[%emt 00:01:50]} 13. Qd3
{[%clk 01:08:22]} {[%emt 00:01:55]} Rc8 {[%clk 00:53:56]} {[%emt 00:05:09]} 14.
Rac1 {[%clk 01:04:50]} {[%emt 00:03:42]} Re8 {[%clk 00:42:35]} {[%emt
00:11:31]} 15. Bb5 {[%clk 01:02:44]} {[%emt 00:02:16]} Rf8 {[%clk 00:40:56]}
{[%emt 00:01:50]} 16. Rcd1 {[%clk 00:58:11]} {[%emt 00:04:42]} c4 {[%clk
00:38:58]} {[%emt 00:02:09]} 17. Qb1 {[%clk 00:56:07]} {[%emt 00:02:13]} a6
{[%clk 00:37:28]} {[%emt 00:01:39]} 18. Ba4 {[%clk 00:55:54]} {[%emt 00:00:24]}
b5 {[%clk 00:27:25]} {[%emt 00:10:13]} 19. Bc2 {[%clk 00:55:35]} {[%emt
00:00:29]} Kh8 {[%clk 00:24:27]} {[%emt 00:03:08]} 20. Bd2 {[%clk 00:50:35]}
{[%emt 00:05:09]} h6 {[%clk 00:24:27]} {[%emt 00:00:12]} 21. Qc1 {[%clk
00:49:32]} {[%emt 00:01:11]} Ng8 {[%clk 00:23:05]} {[%emt 00:01:32]} 22. Bb1
{[%clk 00:43:39]} {[%emt 00:06:03]} Kh7 {[%clk 00:19:57]} {[%emt 00:03:18]} 23.
Ne5 {[%clk 00:37:54]} {[%emt 00:05:54]} Bg5 {[%clk 00:13:02]} {[%emt 00:07:06]}
24. f4 {[%clk 00:35:09]} {[%emt 00:02:54]} Be7 {[%clk 00:12:07]} {[%emt
00:01:06]} 25. Kh1 {[%clk 00:32:39]} {[%emt 00:02:40]} g6 {[%clk 00:10:17]}
{[%emt 00:02:00]} 26. f5 {[%clk 00:27:12]} {[%emt 00:05:37]} Bg5 {[%clk
00:07:58]} {[%emt 00:02:29]} 27. Rf1 {[%clk 00:23:45]} {[%emt 00:03:36]} Bxd2
{[%clk 00:04:58]} {[%emt 00:03:11]} 28. Qxd2 {[%clk 00:23:39]} {[%emt
00:00:16]} g5 {[%clk 00:04:48]} {[%emt 00:00:20]} 29. fxe6 {[%clk 00:13:48]}
{[%emt 00:10:00]} fxe6 {[%clk 00:04:44]} {[%emt 00:00:14]} 30. Nf7 {[%clk
00:11:14]} {[%emt 00:02:43]} Qe7 {[%clk 00:04:44]} {[%emt 00:00:10]} 31. e5+
{[%clk 00:11:10]} {[%emt 00:00:14]} Kg7 {[%clk 00:04:44]} {[%emt 00:00:04]} 32.
Nd6 {[%clk 00:07:48]} {[%emt 00:03:32]} Rxf1+ {[%clk 00:04:33]} {[%emt
00:00:20]} 33. Rxf1 {[%clk 00:07:48]} {[%emt 00:00:03]} Rf8 {[%clk 00:04:33]}
{[%emt 00:00:06]} 34. Rxf8 {[%clk 00:07:25]} {[%emt 00:00:33]} Kxf8 {[%clk
00:04:33]} {[%emt 00:00:05]} 35. Qf2+ {[%clk 00:07:00]} {[%emt 00:00:34]} Kg7
{[%clk 00:04:33]} {[%emt 00:00:03]} 36. Qc2 {[%clk 00:06:21]} {[%emt 00:00:50]}
Bc6 {[%clk 00:03:51]} {[%emt 00:00:52]} 37. Qg6+ {[%clk 00:06:00]} {[%emt
00:00:31]} Kf8 {[%clk 00:03:51]} {[%emt 00:00:04]} 38. Bc2 {[%clk 00:05:30]}
{[%emt 00:00:42]} Be8 {[%clk 00:03:11]} {[%emt 00:00:49]} 39. Qe4 {[%clk
00:05:30]} {[%emt 00:00:09]} Nf6 {[%clk 00:01:28]} {[%emt 00:01:53]} 40. Qf3
{[%clk 00:05:22]} {[%emt 00:00:18]} 1-0